000 01684cam a2200457 a 4500
001 sky201591080
003 SKY
005 20250118110815.0
008 140429s1999 nyua b 000 1 eng
010 _a98089816
020 _a9780786843176
020 _a0786843179
024 1 _a725961003999
040 _aDLC
_cDLC
_dDLC
_dSKYRV
_erda
042 _alcac
050 0 0 _aPZ7.G1277
_bPq 1999
082 0 0 _a[E]
_221
100 1 _aGaines, Isabel.
_0(local)387679.
245 1 0 _aPooh's scavenger hunt /
_cby Isabel Gaines ; illustrated by Studio Orlando.
264 1 _aNew York :
_bDisney Press,
_c[1999]
264 4 _c℗♭1999.
300 _a34 pages :
_bcolor illustrations ;
_c23 cm.
336 _atext
_btxt
_2rdacontent.
337 _aunmediated
_bn
_2rdamedia.
338 _avolume
_bnc
_2rdacarrier.
490 1 _aDisney's a Winnie the Pooh first reader.
500 _a"Based on the Pooh stories by A.A. Milne"--T.p. verso.
520 _aPooh and his friends discover that working together is the greatest thing in the whole world.
521 _aK-3.
526 0 _aAccelerated Reader AR
_bLG
_c2.3
_d0.5
_z41874.
650 0 _aFriendship
_vFiction.
_0(local)332180.
650 0 _aWinnie-the-Pooh (Fictitious character)
_vFiction.
_0(local)382986.
650 1 _aTreasure hunt (Game)
_vFiction.
_0(local)332343.
650 1 _aTeddy bears
_vFiction.
_0(local)333179.
650 1 _aToys
_vFiction.
_0(local)332404.
700 1 _aMilne, A. A.
_q(Alan Alexander),
_d1882-1956.
_tWinnie-the-Pooh.
_0(local)385430.
710 2 _aStudio Orlando.
_0(local)439213.
830 0 _aDisney's Winnie the Pooh first readers.
_0(local)417814.
907 _a.b443151398
942 _cBK
999 _c30370
_d30368